000 00738nam a22001937a 4500
999 _c176187
_d176187
005 20201126163156.0
010 _aUR-10948
020 _c350.00
_a9789384255688
035 _aU-9503
037 _bDBAD/PUB
082 _a844.8
100 _aمر تبہ:مو ل ر ا ج
245 _aمشتا ق ا حمد و ا نی کا ا فسا نو ی جما ل و کما ل
_cمر تبہ:مو ل ر ا ج
246 _bMushtaq Ahmed Wani Ka Afsanvi Jamal-o-Kamal (Urdu)
_aby Mool Raj
260 _aN.Delhi
_bEducational Publishing House
_c2019 ء
270 _aH.O.D1/16,Ansari Road,Darya ganj,
_bN.Delhi
_e110002
_k45678285,23216162
_l0091-11-23211540
300 _a321ص
_c22 Cm(Hb)
942 _2ddc
_cUR
_h844.8
_mم ش ت